Personnages Duolingo par images - Statistiques

Statistiques générales
  • Ce quiz a été pris 38 fois
  • Le résultat moyen est 6 sur 11
Statistiques - réponses
Par images Réponse % Correct
Duo
100%
Lily
59%
Junior
50%
Oscar
50%
Vikram
50%
Lin
47%
Lucy
47%
Bea
44%
Zari
41%
Eddy
34%
Falstaff
31%
Aucun quiz correspondant
Distribution des résultats
% des personnes avec chaque résultat
Percentile par nombre de réponses
Votre historique - résultats
Vous n’avez pas pris ce quiz